01767nam a2200373 4500001000800000003000400008005001700012007000400029008000400033010001700037020001500054040001900069050004000088060001800128082002300146110008800169245018500257260005800442300003400500490004500534500025300579504005100832650003800883650006000921650004100981650002301022650002601045650003601071700003001107700003201137710009201169710009101261830004101352422322700020250407155806.0000000 a 82006763  a0841206317 aUOELcDLCdDLC00aQD1b.A355 no. 199 1982aR857.M3 A4 aQT 34 B61155 00a540 sa610/.282192 aAmerican Institute of Chemical Engineers.bMeetingn(73rd :d1980 :cChicago, Ill.)10aBiomaterials, interfacial phenomena and applications /cStuart L. Cooper, editor, Nicholas A. Peppas, editor, Allan S. Hoffman, associate editor, Buddy D. Ratner, associate editor. aWashington, D.C. :bAmerican Chemical Society,c1982. axiv, 539 p. :bill. ;c24 cm.1 aAdvances in chemistry,x0065-2393 ;v199 a"Based on a symposium sponsored by the Materials Engineering and Sciences Division and the Committee on Fundamentals of Life Sciences of the American Institute of Chemical Engineers at their 73rd Annual Meeting in Chicago, Illinois, November 1980." aIncludes bibliographical references and index. 0aBiomedical materialsxCongresses. 0aBiomedical materialsxPhysiological effectxCongresses. 2aBiocompatible materialsxCongresses. 2aBloodxCongresses. 2aProteinsxCongresses. 2aSurface propertiesxCongresses.1 aCooper, Stuart L.,d1941-1 aPeppas, Nicholas A.,d1948-2 aAmerican Institute of Chemical Engineers.bMaterials Engineering and Sciences Division.2 aAmerican Institute of Chemical Engineers.bCommittee on Fundamentals of Life Sciences. 0aAdvances in chemistry series ;v199.